[Event "Chester e2e4 op-B"]
[Site "Chester"]
[Date "2013.01.20"]
[Round "5"]
[White "Pink, Joshua"]
[Black "Roberts, Ben"]
[Result "1/2-1/2"]
[WhiteElo "1787"]
[BlackElo "1838"]
[PlyCount "101"]
[EventDate "2013.01.18"]
[EventType "swiss"]
[EventRounds "7"]
[EventCountry "ENG"]
[SourceTitle "EXT 2015"]
[Source "ChessBase"]
[SourceDate "2014.11.20"]
[SourceVersion "1"]
[SourceVersionDate "2014.11.20"]
[SourceQuality "1"]

1. e4 e5 2. Nf3 d6 3. d4 Nf6 4. dxe5 Nxe4 5. Qd5 Nc5 6. Bg5 Be7 7. exd6 Qxd6 8. Nc3 Qxd5 9. Nxd5 Bd6 10. 0-0-0 Nc6 11. Bb5 Bd7 12. Rhe1+ Ne6 13. c4 0-0 14. Nxc7 Bxc7 15. Rxd7 Ba5 16. Red1 Nxg5 17. Nxg5 Ne5 18. Re7 Ng4 19. f3 Nf2 20. Rdd7 Bd8 21. Re5 Bf6 22. Rc5 a6 23. Ba4 b6 24. Rcd5 Rac8 25. Bb3 b5 26. c5 Nd3+ 27. Rxd3 Rxc5+ 28. Kd1 Bxg5 29. Ra7 Rc1+ 30. Ke2 Rb1 31. Kf2 Bh4+ 32. g3 Rxb2+ 33. Kg1 Bf6 34. Rdd7 h6 35. Rxa6 Rc8 36. Rad6 Rc1+ 37. Rd1 Rc3 38. Bxf7+ Kf8 39. Re1 Rc8 40. Bb3 Rc3 41. Bf7 Be7 42. Bg6 Bc5+ 43. Kh1 Re3 44. Rd8+ Ke7 45. Re8+ Kf6 46. R8xe3 Bxe3 47. Be8 Bd4 48. Re4 Be5 49. f4 Bc3 50. Re3 b4 51. Bb5 1/2-1/2